00404 2200169 4500001002100000005001500021008004100036035001900077041000700096082000800103090001400111100001500125245001700140260003800157300002200195650001700217INLIS00000000001904120241224115625241224||||||||| | ||| |||| || |  0010-1224019041 aid0 a813 a813 SET s0 aW.Setiawan00aSANG JUPITER aJakartabVelcro cipta indahc2005 a79hlm;14.5x20.5cm 0acerita fiksi